Normal view
MARC view
Entry Personal Name
001 - CONTROL NUMBER
- control field: 13698
003 - CONTROL NUMBER IDENTIFIER
- control field: BD-RjUL
005 - DATE AND TIME OF LATEST TRANSACTION
- control field: 20241003123356.0
008 - FIXED-LENGTH DATA ELEMENTS
- fixed length control field: 241003|| aca||aabn | a|a d
040 ## - CATALOGING SOURCE
- Original cataloging agency: BD-RjUL
- Transcribing agency: BD-RjUL
100 ## - HEADING--PERSONAL NAME
- Personal name: Rye, B. J.
- Fuller form of name: (Barry John)
670 ## - SOURCE DATA FOUND
- Source citation: Work cat.: (BD-RjUL)84073: Scottish Universities Summer School in Physics (9th : 1968 : Newbattle Abbey) 13696, Physics of hot plasmas:, 1970.